MARC

LEADER 00000nam0a2200000 4500
001 352754
005 20231102010528.0
035 |a (RuTPU)RU\TPU\retro\9520 
090 |a 352754 
100 |a 20200204d1912 k y0frey50 ba 
101 0 |a fre  |a ger 
102 |a FR 
105 |a a z 100zy 
200 1 |a Communications de L'association Internationale pour L'essai des materiaux  |h Vol. II, № 11-16 
210 |a Paris  |c H. Dunod & E. Pinat  |d 1912 
215 |a 1080 p.  |c il. 
541 1 |a Сообщения от Международной ассоциации по испытанию материалов  |z ger  |h Т. II, № 11-16 
606 1 |a Материалы  |x Испытание  |2 stltpush  |3 (RuTPU)RU\TPU\subj\41262  |9 61066 
610 1 |a конгрессы 
610 1 |a отчеты 
610 1 |a материалы 
610 1 |a методы 
610 1 |a испытания 
610 1 |a испытания 
610 1 |a сталь 
610 1 |a металлы 
610 1 |a строительство 
610 1 |a свойства 
610 1 |a металлография 
610 1 |a сплавы 
610 1 |a предел упругости 
610 1 |a чугун 
610 1 |a сварка 
610 1 |a дефекты 
610 1 |a измерения 
610 1 |a рельсы 
610 1 |a трубы 
610 1 |a нагрузки 
610 1 |a железобетон 
610 1 |a строительные материалы 
610 1 |a цемент 
610 1 |a цементно-песчаные растворы 
610 1 |a механическое сопротивление 
610 1 |a атмосферные воздействия 
610 1 |a кирпичная кладка 
610 1 |a резины 
610 1 |a окисляемость 
610 1 |a битумы 
610 1 |a стекло 
610 1 |a неметаллы 
610 1 |a антифрикционные материалы 
610 1 |a перегретый пар 
610 1 |a электролиты 
610 1 |a древесина 
610 1 |a железные дороги 
610 1 |a масла 
610 1 |a взрывчатые вещества 
610 1 |a оборудование 
610 1 |a исследования 
610 1 |a французский язык 
610 1 |a немецкий язык 
675 |a 620.1(063)  |v 4 
801 1 |a RU  |b 63413507  |c 20200204 
801 2 |a RU  |b 63413507  |c 20200618  |g RCR 
942 |c BK